Detalles MARC
| 000 -CABECERA |
| campo de control de longitud fija |
02024nam a2200289 i 4500 |
| 003 - IDENTIFICADOR DEL NÚMERO DE CONTROL |
| campo de control |
DO-SdBNP |
| 005 - FECHA Y HORA DE LA ÚLTIMA TRANSACCIÓN |
| campo de control |
20231101104249.0 |
| 006 - CÓDIGOS DE INFORMACIÓN DE LONGITUD FIJA--CARACTERÍSTICAS DEL MATERIAL ADICIONAL |
| campo de control de longitud fija |
a||||dr|||| 00| 0 |
| 007 - CAMPO FIJO DE DESCRIPCIÓN FÍSICA--INFORMACIÓN GENERAL |
| campo de control de longitud fija |
ta |
| 008 - DATOS DE LONGITUD FIJA--INFORMACIÓN GENERAL |
| campo de control de longitud fija |
231031e1997 dr aobc| |||| 00| 0 spa d |
| 040 ## - FUENTE DE LA CATALOGACIÓN |
| Centro catalogador/agencia de origen |
DO-SdBNP |
| Lengua de catalogación |
spa |
| Centro/agencia transcriptor |
BNPHU |
| Normas de descripción |
rda |
| 082 #4 - NÚMERO DE LA CLASIFICACIÓN DECIMAL DEWEY |
| Número de edición |
22 |
| Número de documento/Ítem |
C117s |
| 100 1# - ENTRADA PRINCIPAL--NOMBRE DE PERSONA |
| Nombre de persona |
Cabrera Argentina, |
| 9 (RLIN) |
84303 |
| Término indicativo de función/relación |
autora |
| 245 10 - MENCIÓN DE TÍTULO |
| Título |
Sociales 2000, 3 : |
| Resto del título |
tercer grado de la educación básica. / |
| Mención de responsabilidad, etc. |
Argentina Cabrera, José Mercedes Zarzuela Bidó: ilustración, Julio César Martínez |
| 264 #1 - PRODUCCIÓN, PUBLICACIÓN, DISTRIBUCIÓN, FABRICACIÓN Y COPYRIGHT |
| Producción, publicación, distribución, fabricación y copyright |
Santo Domingo : |
| Nombre del de productor, editor, distribuidor, fabricante |
Susaeta, |
| Fecha de producción, publicación, distribución, fabricación o copyright |
1997 |
| 300 ## - DESCRIPCIÓN FÍSICA |
| Extensión |
128 páginas : |
| Otras características físicas |
Ilustraciones, fotografías, mapas, retrato ; |
| Dimensiones |
27 cm. |
| 336 ## - TIPO DE CONTENIDO |
| Fuente |
rdacontent |
| Término de tipo de contenido |
texto |
| Código de tipo de contenido |
txt |
| 337 ## - TIPO DE MEDIO |
| Fuente |
rdamedia |
| Nombre/término del tipo de medio |
sin mediación |
| Código del tipo de medio |
n |
| 338 ## - TIPO DE SOPORTE |
| Fuente |
rdacarrier |
| Nombre/término del tipo de soporte |
volumen |
| Código del tipo de soporte |
nc |
| 490 ## - MENCIÓN DE SERIE |
| Mención de serie |
Educación sin frontera |
| 504 ## - NOTA DE BIBLIOGRAFÍA, ETC. |
| Nota de bibliografía, etc. |
Bibliografía, página 126 |
| 505 ## - NOTA DE CONTENIDO CON FORMATO |
| Nota de contenido con formato |
Unidad 1. El Medio Geográfico. |
| Título |
Tema 1: La Orientación.-- Tema 2: El Municipio.-- Tema 3: El Municipio forma parte de una Provincia.-- Tema 4: Historia del Municipio.-- Tema 5: Gobierno del Municipio.-- Tema 6: La Población. |
| Información miscelánea |
Unidad 2. |
| Título |
Tema 1: Mi Familia.-- Tema 2: Mi Escuela.-- Tema 3: Organización de mi Comunidad.-- Tema 4: La Salud en mi Comunidad.-- Tema 5: Mi Seguridad Personal.-- Tema 6: Normas y Medidas de Protección en Casos de Desastre.-- Tema 7: Cuidado y Protección de los Lugares Históricos.-- Tema 8: Documentos de Identidad Personal. |
| Información miscelánea |
Unidad 3. |
| Título |
Tema 1: Origen y formación de nuestro país.-- Tema 2: Características Culturales del Pueblo Dominicano.-- Tema 3: Los primeros Pobladores.-- Tema 4: Llegada de los Españoles de América.-- Tema 5: La Colonización Española en Nuestra Isla.-- |
| Información miscelánea |
Unidad 4: La Independencia Nacional. |
| Título |
Tema 1: La Ocupación.-- Tema 2: Fundación de la Trinitaria.-- Tema 3: Nacimiento de la República.-- Tema 4: La nación, el Estado y la patria.-- |
| 590 ## - NOTA LOCAL (RLIN) |
| Nota local |
Inventariado 2023 / MF |
| 700 1# - PUNTO DE ACCESO ADICIONAL--NOMBRE DE PERSONA |
| Código de función/relación |
Zarzuela Bidó, José M., |
| Término indicativo de función/relación |
autor |
| 700 1# - PUNTO DE ACCESO ADICIONAL--NOMBRE DE PERSONA |
| Nombre de persona |
Martínez, Julio César |
| 9 (RLIN) |
1263 |
| Término indicativo de función/relación |
ilustrador |
| 942 ## - ELEMENTOS DE PUNTO DE ACCESO ADICIONAL (KOHA) |
| Fuente del sistema de clasificación o colocación |
Dewey Decimal Classification |
| Tipo de ítem Koha |
Libro |